000
00267nam a22001097a 4500
003
SGT
082
_a
616.120
_b
C02D
100
_a
DOUGLAS, PAMELA S.
245
_a
CARDIOVASCULAR HEALTH AND DISEASE IN WOMEN
260
_a
PHILADELPHIA
_b
SUNDERS
_c
2002
942
_2
ddc
_c
BK
999
_c
14835
_d
14835